<?xml version="1.0" encoding="UTF-8"?><?xml-stylesheet type="text/xsl" href="static/style.xsl"?><OAI-PMH xmlns="http://www.openarchives.org/OAI/2.0/" xmlns:xsi="http://www.w3.org/2001/XMLSchema-instance" xsi:schemaLocation="http://www.openarchives.org/OAI/2.0/ http://www.openarchives.org/OAI/2.0/OAI-PMH.xsd"><responseDate>2026-04-13T01:24:00Z</responseDate><request verb="GetRecord" identifier="oai:www.recercat.cat:2117/87333" metadataPrefix="marc">https://recercat.cat/oai/request</request><GetRecord><record><header><identifier>oai:recercat.cat:2117/87333</identifier><datestamp>2025-07-22T15:34:53Z</datestamp><setSpec>com_2072_1033</setSpec><setSpec>col_2072_452951</setSpec></header><metadata><record xmlns="http://www.loc.gov/MARC21/slim" xmlns:dcterms="http://purl.org/dc/terms/" xmlns:xsi="http://www.w3.org/2001/XMLSchema-instance" xmlns:doc="http://www.lyncode.com/xoai" xsi:schemaLocation="http://www.loc.gov/MARC21/slim http://www.loc.gov/standards/marcxml/schema/MARC21slim.xsd">
   <leader>00925njm 22002777a 4500</leader>
   <datafield ind2=" " ind1=" " tag="042">
      <subfield code="a">dc</subfield>
   </datafield>
   <datafield ind2=" " ind1=" " tag="720">
      <subfield code="a">Galende Rosado, Berta</subfield>
      <subfield code="e">author</subfield>
   </datafield>
   <datafield ind2=" " ind1=" " tag="260">
      <subfield code="c">2016-04-26</subfield>
   </datafield>
   <datafield ind2=" " ind1=" " tag="520">
      <subfield code="a">El present projecte consisteix en la integració de la interfície Power SCADA Expert v7.40 del fabricant Schneider Electric a un laboratori de proteccions elèctriques situat a l’Aula Schneider de la EUETIB. El laboratori permet simular les diferents faltes que es poden donar a la xarxa elèctrica, com sobrecàrregues i curtcircuits.&#xd;
L’ampliació duta a terme, ha permès incrementar les prestacions que oferia el laboratori. A part de la creació de defectes elèctrics, ara es poden supervisar i controlar una sèrie d’estats i variables, coneixent així, l’estat del laboratori en temps real.&#xd;
El document redactat, pretén ser una ajuda per a la comprensió del software Power SCADA Expert v7.40, oferint un tutorial pas a pas del procediment necessari per a configurar i posar en marxa el programa, donant solució als problemes que puguin aparèixer.&#xd;
La integració d’aquest programa al laboratori, pot ser útil de cara a la docència, introduint als alumnes en el funcionament d’un sistema SCADA. L’ús del tutorial redactat, també pot facilitar la redacció de guions de pràctiques de laboratori al personal docent.</subfield>
   </datafield>
   <datafield tag="653" ind2=" " ind1=" ">
      <subfield code="a">Àrees temàtiques de la UPC::Energies::Energia elèctrica</subfield>
   </datafield>
   <datafield tag="653" ind2=" " ind1=" ">
      <subfield code="a">SCADA (Programes d'ordinador)</subfield>
   </datafield>
   <datafield ind2="0" ind1="0" tag="245">
      <subfield code="a">Implementació d'un sistema SCADA en una plataforma de laboratori de proteccions elèctriques</subfield>
   </datafield>
</record></metadata></record></GetRecord></OAI-PMH>